Statistics for Rohan Quiz

Click here to take the quiz!

General Stats

  • This quiz has been taken 6 times
  • The average score is 9 of 12

Answer Stats

HintAnswer% Correct
Rohans First LanguageBinary
100%
Rohans Favourite DrinkOil
100%
Rohans Real IdentityRobot / AI
100%
Rohans Favourite SubjectDigital Solutions
83%
Rohans Best FriendChatGPT
67%
Rohans Favourite PastimeDownloading Data
67%
Rohans Favourite MovieTerminator
67%
Rohans Favourite Animated ShowTransformers
67%
Rohans GFAnne Droid
50%
Rohans Favourite Muscle GroupGears
50%
Rohans Favourite Video GameMega Man
50%
Rohans Model NumberRS-07
50%

Score Distribution

Percentile by Number Answered

Percent of People with Each Score

Your Score History

You have not taken this quiz